La Representación política en Cuestión /

Na minha lista:
Detalhes bibliográficos
Autor principal: Rial, Juan
Formato: Texto
Assuntos:
Tags: Adicionar Tag
Sem tags, seja o primeiro a adicionar uma tag!

MARC

LEADER 00000 a a2200000 04500
001 3792
003
040
100 |a Rial, Juan  
245 |a La Representación política en Cuestión /  |c Juan Rial 
650 |a POLITICA  
650 |a PARTICIPACION POLITICA  
650 |a PARTIDOS POLITICOS  
650 |a DEMOCRACIA  
650 |a DERECHOS CIVILES  
773 |g volumen 15, número 1 (57); páginas 29-51  
999 |c 25611  |d 25611